000 00788nam a2200229Ia 4500
001 10086
003 GE_BSU
008 181216s||||||||xx |||||||||||||| ||und||
040 _cGE_BSU
080 _a821.353.1–32
100 _aსამადაშვილი,შაქრო
245 _aგაფრენილი ხოხობი
245 _bმოთხრობები
245 _cრედ.ნ.იაშვილი.მხატვ. ო.ჯიშკარიანი
260 _aთბილისი
260 _bსაბჭოთა საქართველო
260 _c1984
300 _a192გვ.პორტრ.20სმ.
653 _aგაფრენილი ხოხობი
653 _aმოთხრობები
942 _cBK
999 _c43358
_d43358